Ley de 27 de diciembre de 1956 por la que se concede un crédito extraordinario de 1.207.324,25 pesetas al Ministerio de Información y Turismo destinado a satisfacer obras realizadas en el año 1951 en el edificio que ocupa el Ateneo Científico y Literario de Madrid / (Record no. 193749)
[ view plain ]
| 000 -LEADER | |
|---|---|
| campo de control de longitud fija | 01265nab a2200289 i 4500 |
| 001 - NÚMERO DE CONTROL | |
| campo de control | 193749 |
| 003 - IDENTIFICADOR DE NÚMERO DE CONTROL | |
| campo de control | ES-MaACL |
| 005 - FECHA Y HORA DE LA ÚLTIMA TRANSACCIÓN | |
| campo de control | 20250829063134.0 |
| 007 - CAMPO FIJO DE DESCRIPCIÓN FÍSICA--INFORMACIÓN GENERAL | |
| campo de control de longitud fija | t| |
| 008 - DATOS DE LONGITUD FIJA--INFORMACIÓN GENERAL | |
| campo de control de longitud fija | 240208s1956 sp ||||1| spa d |
| 040 ## - FUENTE DE CATALOGACIÓN | |
| Centro catalogador/agencia de origen | ES-MaACL |
| Lengua de catalogación | spa |
| Centro/agencia transcriptor | ES-MaACL |
| 110 1# - ENTRADA PRINCIPAL--NOMBRE DE ENTIDAD CORPORATIVA | |
| Nombre de entidad corporativa o nombre de jurisdicción como elemento de entrada | España. |
| Unidad subordinada | Jefe de Estado (1936-1975: Franco) |
| Término indicativo de función/relación | entidad responsable |
| 9 (RLIN) | 3814 |
| 245 10 - MENCIÓN DEL TÍTULO | |
| Título | Ley de 27 de diciembre de 1956 por la que se concede un crédito extraordinario de 1.207.324,25 pesetas al Ministerio de Información y Turismo destinado a satisfacer obras realizadas en el año 1951 en el edificio que ocupa el Ateneo Científico y Literario de Madrid / |
| Mención de responsabilidad, etc. | Francisco Franco |
| 260 ## - PUBLICACIÓN, DISTRIBUCIÓN, ETC. | |
| Lugar de publicación, distribución, etc. | [Madrid] : |
| Nombre del editor, distribuidor, etc. | BOE, |
| Fecha de publicación, distribución, etc. | 1956 |
| 300 ## - DESCRIPCIÓN FÍSICA | |
| Extensión | 1 página ; |
| Dimensiones | 30 cm |
| 336 ## - TIPO DE CONTENIDO | |
| Fuente | rdacontent |
| Término de tipo de contenido | texto |
| 337 ## - TIPO DE MEDIO | |
| Fuente | rdamedia |
| Nombre/término del tipo de medio | sin mediación |
| 338 ## - TIPO DE SOPORTE | |
| Fuente | rdacarrier |
| Nombre/término del tipo de soporte | volumen |
| 500 ## - NOTA GENERAL | |
| Nota general | Fotocopia de la "Ley de 27 de diciembre de 1956...", publicada en "Boletín Oficial del Estado", 29 de diciembre de 1956, n. 364 |
| 610 24 - PUNTO DE ACCESO ADICIONAL DE MATERIA--NOMBRE DE ENTIDAD CORPORATIVA | |
| Nombre de entidad corporativa o nombre de jurisdicción como elemento de entrada | Ateneo de Madrid- |
| Subdivisión de forma | Historia |
| 9 (RLIN) | 1925 |
| 655 #4 - TERMINO DE INDIZACIÓN--GENERO/FORMA | |
| Datos o término principal de género/forma | Legislación |
| 9 (RLIN) | 226283 |
| 700 1# - ENTRADA AGREGADA--NOMBRE PERSONAL | |
| Nombre de persona | Franco Bahamonde, Francisco, |
| Fechas asociadas al nombre | 1892-1975 |
| Término indicativo de función/relación | Autor |
| 9 (RLIN) | 52240 |
| 852 4# - LOCALIZACIÓN | |
| Ubicación | ES-MaACL |
| Ubicación en estantería | Depósito folletos |
| Número de control de estantería | 2347-F-83 |
| itemnumber | 201284 |
| 942 ## - ELEMENTOS DE ENTRADA SECUNDARIOS (KOHA) | |
| Fuente del sistema de clasificación o colocación | Clasificación decimal universal |
| Tipo de ítem Koha | Artículo de prensa |
| Suprimir en OPAC | No |
| Estatus retirado | Estado de pérdida | Fuente del sistema de clasificación o colocación | Estado de daño | No para préstamo | Colección | Biblioteca de origen | Biblioteca actual | Ubicación en estantería | Fecha de adquisición | Total de préstamos | Signatura topográfica completa | Código de barras | Visto por última vez | Tipo de ítem Koha |
|---|---|---|---|---|---|---|---|---|---|---|---|---|---|---|
| Clasificación decimal universal | Fondo Ateneo de Madrid | Biblioteca del Ateneo de Madrid | Biblioteca del Ateneo de Madrid | Depósito folletos | 08/02/2024 | 2347-F-83 | 101206767 | 08/02/2024 | Artículo de prensa |
